[Event "AUTO-INT-3944"]
[Site "http://www.queenalice.com/game.php?id=1862975"]
[Date "2025.9.13"]
[Round "1"]
[White "jenyasm"]
[Black "dida"]
[Result "1-0"]
[WhiteElo "1592"]
[BlackElo "1530"]

1. e4 e5 2. Nf3 Nc6 3. Nc3 a6 4. a3 Qe7 5. Bc4 d6 6. h3 h6 7. d3 Nf6 8. Bd2 Nd4
9. Nxd4 exd4 10. Ne2 d5 11. exd5 Bd7 12. O-O O-O-O 13. Nxd4 Nxd5 14. Bxd5 Bc6
15. c4 Bxd5 16. cxd5 Rxd5 17. Be3 Qd7 18. Qg4 Qxg4 19. hxg4 Bd6 20. Nf5 Bf8 21.
d4 g6 22. Ng3 Bd6 23. Ne2 h5 24. gxh5 Rdxh5 25. Ng3 Bxg3 26. fxg3 Rh1+ 27. Kf2
R1h2 28. Bf4 f6 29. Rac1 g5 30. Bxc7 Kd7 31. Bb6 g4 32. Rc7+ Kd6 33. Rfc1 f5 34.
Rxb7 f4 35. gxf4 Kd5 36. Rg7 Rf8 37. Rxg4 Rb8 38. Rg6 Rb7 39. b4 Ke4 40. Kg3
Rhh7 41. Kg4 Rh2 42. g3 Ke3 43. Rc3+ Ke4 44. Re6+ Kd5 45. Re5+ Kd6 46. Bc5+ Kc6
47. f5 Rg7+ 48. Kf4 Rf2+ 49. Rf3 Rxf3+ 50. Kxf3 Rf7 51. g4 Kb5 52. g5 Kc4 53. a4
Kb3 54. a5 Ka4 55. g6 Rg7 56. Re7 Rg8 57. g7 Kb3 58. Rf7 Kc4 59. f6 Kd5 60. Rf8
Rxf8 61. gxf8=Q Ke6 62. f7 1-0

[Event "AUTO-OPEN-4615"]
[Site "http://www.queenalice.com/game.php?id=1863160"]
[Date "2025.9.19"]
[Round "1"]
[White "dida"]
[Black "SGF"]
[Result "0-1"]
[WhiteElo "1510"]
[BlackElo "1786"]

1. Nf3 f6 2. Nc3 c6 3. e4 a6 4. Bd3 e5 5. Qe2 b5 6. a3 b4 7. axb4 a5 8. b5 Bb4
9. bxc6 dxc6 10. O-O Ba6 11. Bxa6 Rxa6 12. Qc4 Qd7 13. Nh4 g6 14. d3 Ne7 15. Na4
h5 16. Nc5 Bxc5 17. Qxc5 Qd4 18. Qxd4 exd4 19. Bd2 a4 20. Ra3 g5 21. Nf5 Nxf5
0-1

[Event "AUTO-OPEN-4615"]
[Site "http://www.queenalice.com/game.php?id=1863161"]
[Date "2025.9.19"]
[Round "1"]
[White "SGF"]
[Black "dida"]
[Result "0-1"]
[WhiteElo "1720"]
[BlackElo "1545"]

1. e4 e5 2. Qf3 Qe7 3. d3 g6 4. h4 Nf6 5. Be2 d6 6. Qg3 Nc6 7. c3 Be6 8. h5
O-O-O 9. hxg6 fxg6 10. Bg5 h6 11. Nd2 Bg7 12. b4 hxg5 13. Rxh8 Rxh8 14. Qxg5 Qf7
15. a4 Bh6 16. Qg3 Nh5 17. Bxh5 gxh5 18. b5 Na5 19. Nh3 h4 20. Qf3 Bxh3 21.
Qxh3+ Kb8 22. Nf3 Nb3 23. Ra3 Nc1 24. c4 Bf4 25. g4 Nxd3+ 26. Rxd3 Qxc4 27. Ke2
Qxe4+ 28. Kf1 Qxd3+ 29. Kg2 e4 30. Ne1 Qe2 31. Qc3 h3+ 32. Qxh3 Rxh3 33. Kxh3
Qxe1 34. Kg2 d5 35. f3 Qg3+ 36. Kf1 Qxf3+ 37. Ke1 Qg3+ 38. Ke2 Qxg4+ 39. Kf2
Qg3+ 40. Ke2 Qe3+ 41. Kf1 Bh2 42. a5 Qg1+ 43. Ke2 d4 44. a6 d3+ 45. Kd2 Bf4+ 46.
Kc3 d2 47. axb7 d1=Q 48. Kb4 Bd6+ 49. Kc4 Qc5# 0-1

[Event "AUTO-OPEN-4615"]
[Site "http://www.queenalice.com/game.php?id=1863162"]
[Date "2025.9.19"]
[Round "1"]
[White "dida"]
[Black "game"]
[Result "1-0"]
[WhiteElo "1505"]
[BlackElo "1605"]

1. e4 c5 2. Bc4 Nf6 3. Qf3 e5 4. Ne2 Nc6 5. a3 b6 6. Nbc3 Na5 7. Bb5 a6 8. Bd3
Bb7 9. Nd5 Nxd5 10. exd5 Rc8 11. O-O b5 12. Ng3 Nc4 13. Bxc4 bxc4 14. Qe4 d6 15.
Qxc4 a5 16. Qe4 Rc7 17. c4 h5 18. d3 h4 19. Nf5 g6 20. Ne3 h3 21. Qg4 Bc8 22.
Qe4 Rh4 23. Qf3 Bh6 24. Nc2 g5 25. g3 g4 26. Qe4 Rh5 27. Qh7 Bf5 28. Qh8+ Kd7
29. Qxd8+ Kxd8 30. Ne3 e4 31. dxe4 Bxe4 32. Nxg4 Bg7 33. Bd2 Ra7 34. Bf4 Bxb2
35. Ra2 Bd3 36. Rxb2 Bxf1 37. Kxf1 Re7 38. Bxd6 Rd7 39. Bf4 Re7 40. Rb8+ Kd7 41.
Rb7+ Ke8 42. Rb8+ Kd7 43. Nf6# 1-0

[Event "AUTO-OPEN-4615"]
[Site "http://www.queenalice.com/game.php?id=1863163"]
[Date "2025.9.19"]
[Round "1"]
[White "game"]
[Black "dida"]
[Result "0-1"]
[WhiteElo "1713"]
[BlackElo "1521"]

1. e4 e5 2. Nf3 Nc6 3. Bc4 Qe7 4. d3 h6 5. O-O d6 6. Re1 Nf6 7. Nc3 a6 8. Nd5
Nxd5 9. exd5 Nd4 10. Be3 Nxf3+ 11. gxf3 Bh3 12. f4 O-O-O 13. Ba7 Qh4 14. Re4 Bf5
15. Re3 Be7 16. fxe5 dxe5 17. Kf1 Qxh2 18. Ke2 Bg4+ 19. Rf3 Bxf3+ 20. Kxf3 Qf4+
21. Kg2 Qg5+ 22. Kf1 Bd6 23. a4 h5 24. Qf3 f6 25. Be3 Qh4 26. Bd2 e4 27. Qg2
exd3 28. Bxd3 g5 29. Bc3 Rdf8 30. Bf5+ Kb8 31. a5 g4 32. Ra4 Qg5 33. Be4 h4 34.
Rd4 Qc1+ 35. Be1 h3 36. Qxg4 h2 37. Ke2 Qxb2 38. Rd2 Qe5 39. Kd1 Qa1+ 40. Ke2
Qxa5 41. c4 Qb4 42. Bh1 Re8+ 43. Kf1 Qc3 44. Re2 Qc1 45. Re3 Rxe3 46. fxe3 Qxe3
47. Qg7 Qh3+ 48. Bg2 Qh5 49. Qxf6 h1=Q+ 50. Bxh1 Qxh1+ 51. Ke2 Qh5+ 52. Kf1 Qh3+
53. Ke2 Re8+ 54. Kf2 Qg3+ 55. Kf1 Rxe1# 0-1

[Event "AUTO-OPEN-4620"]
[Site "http://www.queenalice.com/game.php?id=1864499"]
[Date "2025.10.19"]
[Round "1"]
[White "dida"]
[Black "Castling"]
[Result "0-1"]
[WhiteElo "1550"]
[BlackElo "1872"]

1. e4 e5 2. Nc3 a6 3. Nf3 d6 4. Nd5 Ne7 5. Nxe7 Bxe7 6. Bd3 Bg4 7. h3 Bh5 8. Qe2
Nc6 9. O-O Qd7 10. b3 Nd4 11. Qd1 Nxf3+ 12. gxf3 Qxh3 13. Qe2 Bxf3 14. Bb5+ c6
15. Bxc6+ bxc6 16. Qe3 Qg2# 0-1

[Event "AUTO-OPEN-4620"]
[Site "http://www.queenalice.com/game.php?id=1864500"]
[Date "2025.10.19"]
[Round "1"]
[White "Castling"]
[Black "dida"]
[Result "1-0"]
[WhiteElo "1690"]
[BlackElo "1540"]

1. e4 e5 2. Bc4 Qe7 3. Nf3 Nc6 4. a3 h6 5. Nc3 Nf6 6. h3 d6 7. Nd5 Qd7 8. d3
Nxd5 9. Bxd5 Ne7 10. Bb3 Ng6 11. Be3 Nf4 12. Bxf4 exf4 13. Qd2 Be7 14. Qxf4 O-O
15. O-O-O Bg5 16. Nxg5 hxg5 17. Qxg5 g6 18. h4 a5 19. h5 Qg4 20. Qxg4 Bxg4 21.
f3 Be6 22. Bxe6 fxe6 23. h6 c5 24. h7+ Kh8 25. Rh6 Rf6 26. Rdh1 Raf8 27. Kd2 e5
28. Ke3 b5 29. b3 b4 30. a4 g5 31. Rxf6 Rxf6 32. Rh5 Rg6 33. g4 Rg7 34. Ke2 Rxh7
35. Rxg5 Rh2+ 36. Kd1 Rh1+ 37. Kd2 1-0

[Event "AUTO-OPEN-4620"]
[Site "http://www.queenalice.com/game.php?id=1864501"]
[Date "2025.10.19"]
[Round "1"]
[White "dida"]
[Black "josebaron"]
[Result "0-1"]
[WhiteElo "1547"]
[BlackElo "2163"]

1. Nf3 d5 2. d4 Nf6 3. Nc3 Nc6 4. h3 e6 5. a3 Be7 6. e3 O-O 7. Bd3 Re8 8. Ng5 h6
9. Nxf7 Kxf7 10. Qg4 Nxg4 11. hxg4 e5 12. dxe5 Nxe5 13. O-O Nxg4 14. Be2 d4 15.
exd4 Qxd4 16. Bxg4 Bxg4 17. Be3 Qe5 18. Rae1 Bd6 19. g3 Qh5 20. Rc1 Bf3 21. Bf4
Qh1# 0-1

[Event "AUTO-OPEN-4620"]
[Site "http://www.queenalice.com/game.php?id=1864502"]
[Date "2025.10.19"]
[Round "1"]
[White "josebaron"]
[Black "dida"]
[Result "1-0"]
[WhiteElo "2162"]
[BlackElo "1544"]

1. e4 e5 2. Nf3 Nc6 3. Bb5 Bd6 4. Bxc6 dxc6 5. d4 h6 6. dxe5 Bc5 7. Qxd8+ Kxd8
8. Bf4 Be6 9. O-O Ne7 10. Rd1+ Ke8 11. Nc3 a6 12. h3 Bc4 13. b3 Be6 14. Na4 Ba3
15. Bc1 Bxc1 16. Raxc1 Ng6 17. Nc5 Nf4 18. Kf1 h5 19. Nxb7 h4 20. c4 Rh6 21. Nc5
Bxh3 22. gxh3 Rg6 23. Nxh4 Rg5 24. Nd3 Nxh3 25. f4 Rg1+ 26. Ke2 Rxd1 27. Rxd1 a5
28. Rh1 Nxf4+ 29. Nxf4 a4 30. Nf5 Kf8 31. Rh8# 1-0

[Event "AUTO-OPEN-4620"]
[Site "http://www.queenalice.com/game.php?id=1864503"]
[Date "2025.10.19"]
[Round "1"]
[White "dida"]
[Black "chessman"]
[Result "0-1"]
[WhiteElo "1542"]
[BlackElo "2094"]

1. Nc3 d5 2. d4 c6 3. Nf3 Nf6 4. h3 e6 5. Be3 Be7 6. Ng5 O-O 7. g4 Re8 8. Qd3 b6
9. O-O-O Nbd7 10. Bg2 h6 11. Nxf7 Kxf7 12. f3 Kg8 13. h4 Nh7 14. f4 c5 15. g5
Ndf8 16. gxh6 g6 17. Nb1 c4 18. Qc3 b5 19. f5 b4 20. Qe1 exf5 21. Bf4 a5 22. Bf3
a4 23. Qd2 Be6 24. h5 g5 25. Be5 Nd7 26. Bg7 b3 27. cxb3 cxb3 28. axb3 axb3 29.
Qd3 Qc7+ 30. Nc3 Bb4 31. Be5 Qa5 32. Kd2 Rec8 33. Ke3 Nxe5 34. Qb5 Rxc3+ 35. Kf2
Rxf3+ 36. exf3 Qxb5 37. dxe5 Bc5+ 38. Kg2 Qe2+ 39. Kg3 f4# 0-1

[Event "AUTO-OPEN-4620"]
[Site "http://www.queenalice.com/game.php?id=1864504"]
[Date "2025.10.19"]
[Round "1"]
[White "chessman"]
[Black "dida"]
[Result "1-0"]
[WhiteElo "2069"]
[BlackElo "1547"]

1. e4 e5 2. Nf3 Nc6 3. Bc4 Qe7 4. O-O h6 5. Re1 d6 6. h3 Nf6 7. d4 Nxe4 8. Rxe4
Bf5 9. Re1 O-O-O 10. c3 e4 11. Nfd2 d5 12. Bb3 Nb8 13. a4 Qd6 14. Nf1 Be7 15.
Ne3 Be6 16. Na3 Bh4 17. Nb5 Qb6 18. c4 dxc4 19. Nxc4 Bxc4 20. Be3 Bxb3 21. Qxb3
Nc6 22. d5 Qa5 23. dxc6 Rd3 24. Nxa7+ Kb8 25. Qxb7# 1-0

[Event "AUTO-INT-3949"]
[Site "http://www.queenalice.com/game.php?id=1864859"]
[Date "2025.10.29"]
[Round "1"]
[White "dida"]
[Black "renet54"]
[Result "0-1"]
[WhiteElo "1516"]
[BlackElo "1602"]

1. e4 e5 2. Nc3 Nc6 3. a3 b6 4. Nf3 Bb7 5. Bb5 Bc5 6. Qe2 Nf6 7. Nd5 O-O 8. h3
Re8 9. Nxf6+ Qxf6 10. d3 a6 11. Bxc6 Bxc6 12. Bg5 Qe6 13. O-O f6 14. Bxf6 Qxf6
15. b4 Bd4 16. Rab1 Re6 17. Nxd4 exd4 18. Rbe1 Rae8 19. f3 Qg6 20. Ra1 Re5 21.
g4 Qh6 22. Qf2 Qxh3 23. Qh2 Qxh2+ 24. Kxh2 R8e6 25. f4 Rh6+ 26. Kg3 Ree6 27. f5
Re5 28. a4 d6 29. b5 axb5 30. axb5 Bxb5 31. Ra8+ Kf7 32. g5 Rh5 33. Kg4 g6 34.
Rc8 Rc5 35. Rh8 Rxc2 0-1

[Event "AUTO-INT-3949"]
[Site "http://www.queenalice.com/game.php?id=1864860"]
[Date "2025.10.29"]
[Round "1"]
[White "renet54"]
[Black "dida"]
[Result "1-0"]
[WhiteElo "1639"]
[BlackElo "1560"]

1. d4 Nf6 2. Bf4 d5 3. Nf3 h6 4. e3 Ne4 5. Bd3 Nxf2 6. Kxf2 Nc6 7. Nc3 Bg4 8.
Nb5 e5 9. dxe5 a6 10. Nc3 Be7 11. h3 Bxf3 12. Qxf3 O-O 13. Rad1 Bh4+ 14. g3 Bg5
15. h4 Be7 16. Bxh6 gxh6 17. Qh5 Bc5 18. Qxh6 d4 19. Qh7# 1-0

[Event "AUTO-INT-3949"]
[Site "http://www.queenalice.com/game.php?id=1864861"]
[Date "2025.10.29"]
[Round "1"]
[White "dida"]
[Black "jpribeiro"]
[Result "1-0"]
[WhiteElo "1545"]
[BlackElo "1341"]

1. e4 c5 2. Bc4 Nc6 3. Nf3 e6 4. a3 d5 5. exd5 exd5 6. Bb5 Bd7 7. O-O Bd6 8.
Re1+ Nge7 9. Ng5 O-O 10. Bd3 c4 11. Bxh7+ Kh8 12. Qh5 1-0

[Event "AUTO-INT-3949"]
[Site "http://www.queenalice.com/game.php?id=1864862"]
[Date "2025.10.29"]
[Round "1"]
[White "jpribeiro"]
[Black "dida"]
[Result "0-1"]
[WhiteElo "1333"]
[BlackElo "1553"]

1. e4 e5 2. Nf3 Nc6 3. c3 h6 4. d4 exd4 5. cxd4 Bb4+ 6. Nc3 Qe7 7. Bd2 Nf6 8. e5
Ng4 9. a3 Bxc3 10. bxc3 Nxf2 0-1